000 00332nam a2200121Ia 4500
008 240731s9999 xx 000 0 und d
022 _a2040-0934
245 0 _aInternational Journal of Performance Arts and Digital Media
260 _bRoutledge
856 _uhttps://www.tandfonline.com/loi/rpdm20
942 _2ddc
942 _cTFEJ
999 _c77189
_d77189
945 _a1
_bMadushi Gamage
_c1
_dMadushi Gamage